000 00522nam a2200193 u 4500
005 20240806063954.0
008 100827s2004 mx r 000 0 spa d
020 _a9685807078
035 _aUPN01000177536
049 _aCG
050 4 _aB738.05
_bN5.3a
100 1 _aNicol, Eduardo,
_d1907-1990
_929437
245 1 3 _aLa agonía de Proteo /
_cEduardo Nicol.
260 _aMéxico :
_bUNAM :
_bHerder,
_cc2004
300 _a132 p.
650 4 _aAntologías
_94761
650 4 _aFilosofía antigua
_96916
905 _aLibro
999 _c149639
_d149639